000 00969nam a22002657a 4500
001 9851
003 FISKH
005 20260305141137.0
008 260305b cb ||||| |||| 00| 0 eng d
020 _a9780563475972
040 _aFISKH
_beng
_cFISKH
_dFISKH
050 _aPZ7
082 _a823.914
100 _aFogden, Emma
_eAuthor
245 _aBob the builder :
_bMagnetic Lofty /
_cWritten by Emma Fogden
260 _aLondon :
_bHIT Entertainment ,
_c1998
300 _a22 unnumbered pages :
_bcolor illustrations ;
_c12 x 16 cm
505 _aG
520 _aLofty is the star of this adventure. The team is taking up some old railway racks. Lofty has a magnet attached to his arm but he has to to keep it under control. Lofty redeems himself at the end when he puts his magnet to good use and saves the day.
521 8 _a300
_bLexile estimate
521 8 _aG
_bRaz-Plus
650 _aAdventure
_vTrucks
942 _2ddc
_cBK
_n0
999 _c9851
_d9851